Statistiques concernant Une lettre , Un personnage version Naruto

Cliquez ici pour prendre le quiz!

Statistiques générales

  • Ce quiz a été pris 70 fois
  • Le résultat moyen est 17 sur 23

Statistiques - réponses

Réponse% Correct
Gaara
98%
Kakashi
98%
Naruto
98%
Jiraya
97%
Sasuke
97%
Choji
95%
Deidara
95%
Itachi
95%
Obito
95%
Rock Lee
95%
Madara
93%
Tobirama
90%
Asuma
88%
Hashirama
88%
Zetsu
88%
Ebisu
67%
Yahiko
48%
Utakata
47%
Baki
45%
Pakkun
45%
Fuu
38%
Leo
9%
Waraji
5%

Distribution des résultats

Percentile par nombre de réponses

% des personnes avec chaque résultat

Votre développement - résultats

Vous n’avez pas pris ce quiz